Quaresma de sermones doctrinales, duplicados, para todos los Domingos, Miércoles y Viernes, y algunas otras ferias, con remissiones copiosas al Despertador Christiano de Sermones para los mismos días (Record no. 8598)
[ view plain ]
| 000 -CABECERA | |
|---|---|
| campo de control de longitud fija | 02319nam a2200277 a 4500 |
| 001 - NÚMERO DE CONTROL | |
| campo de control | BRCA_8947 |
| 005 - FECHA Y HORA DE LA ÚLTIMA TRANSACCIÓN | |
| campo de control | 20190320210453.0 |
| 008 - DATOS DE LONGITUD FIJA--INFORMACIÓN GENERAL | |
| campo de control de longitud fija | 030717s1688----po-#######---#000-0#spa-# |
| 041 ## - CÓDIGO DE LENGUA | |
| Código de lengua del texto/banda sonora o título independiente | spa |
| 044 ## - CÓDIGO DEL PAÍS DE LA ENTIDAD EDITORA/PRODUCTORA | |
| Código MARC del país | po |
| 084 ## - OTRO NÚMERO DE CLASIFICACIÓN | |
| Número de clasificación | LE40 |
| Número de documento/Ítem | .B37 1688 |
| 100 1# - ENTRADA PRINCIPAL--NOMBRE DE PERSONA | |
| Nombre de persona | Barzi y Zambrana, Joseph y |
| 9 (RLIN) | 22235 |
| 245 10 - MENCIÓN DE TÍTULO | |
| Título | Quaresma de sermones doctrinales, duplicados, para todos los Domingos, Miércoles y Viernes, y algunas otras ferias, con remissiones copiosas al Despertador Christiano de Sermones para los mismos días |
| Resto del título | tomo II: que dedica a la purissima reyna de los ángeles, y hombres María Santissima N. S. en su Milagrosa, y devotissima Imagen del Sagrado de la Santa Iglesia de Toledo, por mano, y en nombre del Eminentissimo Señor D. Luis Manuel Fernández Portocarrero, Presbitero Cardenal de la Santa Iglesia de Roma, &c |
| Mención de responsabilidad, etc. | su author el doctor D. Joseph de Barzia y Zambrana. |
| 260 ## - PUBLICACIÓN, DISTRIBUCIÓN, ETC. | |
| Lugar de publicación, distribución, etc. | Lisboa |
| Nombre del editor, distribuidor, etc. | En la Imprenta de Theotonio Craesbeeck de Mello |
| Fecha de publicación, distribución, etc. | 1688 |
| 300 ## - DESCRIPCIÓN FÍSICA | |
| Extensión | 414 p. (t.2) |
| Dimensiones | 20 x 15.4 cm |
| 500 ## - NOTA GENERAL | |
| Nota general | Con privilegio real |
| 500 ## - NOTA GENERAL | |
| Nota general | Estado físico: presenta encuadernación en pergamino deteriorada, con lomo desprendido y cintas rotas |
| 500 ## - NOTA GENERAL | |
| Nota general | Con marca de fuego: “Procedencia de la marca: Colegio de la Santa Cruz de Querétaro(1)(2). Institución: Congregación de Propaganda Fide Descripción: Monograma ´SATO´ que se desata como San Antonio. Le sigue la abreviatura: ´Q´ de Querétaro. Corona el monograma y la inicial la palabra ´posto´ que podría hacer referencia a ´Apostólico´. Observaciones: Esta marca no se localiza en los catálogos impresos anteriores. La primera imagen de la marca de fuego corresponde al libro modelo ya que está más clara y definida. Sin embargo, el testimonio de pertenencia y la segunda imagen de la marca de fuego, pertenece al segundo ejemplar. Ubicación de la marca en el libro: Canto superior y frontal.” |
| 650 14 - PUNTO DE ACCESO ADICIONAL DE MATERIA--TÉRMINO DE MATERIA | |
| Término de materia o nombre geográfico como elemento de entrada | Teología pastoral |
| Subdivisión cronológica | Obras anteriores a 1800 |
| 9 (RLIN) | 22236 |
| 650 14 - PUNTO DE ACCESO ADICIONAL DE MATERIA--TÉRMINO DE MATERIA | |
| Término de materia o nombre geográfico como elemento de entrada | Cuaresma |
| Subdivisión general | Sermones |
| Subdivisión cronológica | Obras anteriores a 1800 |
| 9 (RLIN) | 22237 |
| 650 14 - PUNTO DE ACCESO ADICIONAL DE MATERIA--TÉRMINO DE MATERIA | |
| Término de materia o nombre geográfico como elemento de entrada | Sermones españoles |
| Subdivisión cronológica | Obras anteriores a 1800 |
| 9 (RLIN) | 21577 |
| 700 1# - PUNTO DE ACCESO ADICIONAL--NOMBRE DE PERSONA | |
| Nombre de persona | Fernández Portocarrero, Luis Manuel |
| 9 (RLIN) | 22238 |
| 856 ## - LOCALIZACIÓN Y ACCESO ELECTRÓNICOS | |
| Nombre del host | http://www.marcasdefuego.buap.mx:8180/xmLibris/projects/firebrand/item.jsp?repository=marcas_de_fuego&key=422f0a15.xml&num=17 |
| 902 ## - CATALOGADOR | |
| Iniciales | CFM |
| 942 ## - ELEMENTOS DE PUNTO DE ACCESO ADICIONAL (KOHA) | |
| Fuente del sistema de clasificación o colocación | Library of Congress Classification |
| Tipo de ítem Koha | Libros |
| Estado de retiro | Estado de pérdida | Estado dañado | No para préstamo | Localización permanente | Ubicación/localización actual | Fecha de adquisición | Total de préstamos | Signatura topográfica completa | Código de barras | Fecha visto por última vez | Precio válido a partir de | Tipo de ítem Koha |
|---|---|---|---|---|---|---|---|---|---|---|---|---|
| El ejemplar forma parte de la colección y puede ser consultado según las políticas vigentes. | Biblioteca del Museo Franz Mayer (Rogerio Casas-Alatriste) | Biblioteca del Museo Franz Mayer (Rogerio Casas-Alatriste) | 03/07/2017 | LE40 .B37 1688 | CFM00270 | 22/03/2019 | 22/03/2019 | Libros |